Tourism in Australia, Tourism Between Australia and China and Foreign Tourism in China Initial Observations

Salvato in:
Dettagli Bibliografici
Autore principale: Tisdell, Clem
Natura: Libro
Lingua:inglese
Pubblicazione: Brisbane University of Queensland 1989
Edizione:1. ed.
Serie:Discussion Paper in Economics No.9
Tags: Aggiungi Tag
Nessun Tag, puoi essere il primo ad aggiungerne!!

MARC

LEADER 00000nam a2200000 4500
001 c031841
005 20221215114543.4
041 0 |a eng 
044 |a AU 
245 1 0 |a Tourism in Australia, Tourism Between Australia and China and Foreign Tourism in China  |b Initial Observations  |c Clem Tisdell 
250 |a 1. ed. 
264 1 |a Brisbane  |b University of Queensland  |c 1989 
300 |a 16 s. 
490 1 |a Discussion Paper in Economics  |v No.9 
830 0 |a Discussion Paper in Economics  |v No.9 
100 1 |a Tisdell, Clem